El discurso de Gettysburg y otros discursos / (Record no. 173202)
[ view plain ]
| 000 -LEADER | |
|---|---|
| campo de control de longitud fija | 00870nam a22002295i 4500 |
| 001 - NÚMERO DE CONTROL | |
| campo de control | 173202 |
| 003 - IDENTIFICADOR DE NÚMERO DE CONTROL | |
| campo de control | ES-MaACL |
| 005 - FECHA Y HORA DE LA ÚLTIMA TRANSACCIÓN | |
| campo de control | 20260124063016.0 |
| 008 - DATOS DE LONGITUD FIJA--INFORMACIÓN GENERAL | |
| campo de control de longitud fija | 091117s2008 sp |||| | spa d |
| 080 ## - NÚMERO DE LA CLASIFICACIÓN DECIMAL UNIVERSAL | |
| Número de la Clasificación Decimal Universal | 32(081) Lincoln, Abraham |
| 100 0# - ENTRADA PRINCIPAL--NOMBRE DE PERSONA | |
| Nombre de persona | Lincoln, Abraham, |
| Fechas asociadas al nombre | 1809-1865 |
| 9 (RLIN) | 72367 |
| 245 13 - MENCIÓN DEL TÍTULO | |
| Título | El discurso de Gettysburg y otros discursos / |
| Mención de responsabilidad, etc. | Abraham Lincoln ; prólogo de Felipe Sahagún. |
| 260 ## - PUBLICACIÓN, DISTRIBUCIÓN, ETC. | |
| Lugar de publicación, distribución, etc. | [Barcelona] : |
| Nombre del editor, distribuidor, etc. | Centro Editor PDA, |
| Fecha de publicación, distribución, etc. | [2008] |
| 300 ## - DESCRIPCIÓN FÍSICA | |
| Extensión | 64 p. : |
| Otras características físicas | il. ; |
| Dimensiones | 22 cm. |
| 490 1# - MENCIÓN DE SERIE | |
| Mención de serie | Las voces de la democracia, así hablan los grandes políticos ; |
| Designación de volumen o secuencia | 4 |
| 490 1# - MENCIÓN DE SERIE | |
| Mención de serie | Biblioteca El mundo |
| 700 1# - ENTRADA AGREGADA--NOMBRE PERSONAL | |
| Nombre de persona | Sahagún, Felipe. |
| 9 (RLIN) | 101472 |
| 830 0# - PUNTO DE ACCESO ADICIONAL DE SERIE-TÍTULO UNIFORME | |
| Título uniforme | Las voces de la democracia, así hablan los grandes políticos ; |
| Designación de volumen o secuencia | 4 |
| 9 (RLIN) | 189188 |
| 830 0# - PUNTO DE ACCESO ADICIONAL DE SERIE-TÍTULO UNIFORME | |
| Título uniforme | Biblioteca El Mundo |
| 9 (RLIN) | 189189 |
| 852 ## - LOCALIZACIÓN | |
| Ubicación | ES-MaACL |
| Número de control de estantería | 2254-F-4 |
| itemnumber | R.145429 |
| Estatus retirado | Estado de pérdida | Estado de daño | No para préstamo | Colección | Biblioteca de origen | Biblioteca actual | Ubicación en estantería | Fecha de adquisición | Fuente de adquisición | Total de préstamos | Signatura topográfica completa | Código de barras | Visto por última vez | Precio de reemplazo | Tipo de ítem Koha |
|---|---|---|---|---|---|---|---|---|---|---|---|---|---|---|---|
| Colección de folletos | Biblioteca del Ateneo de Madrid | Biblioteca del Ateneo de Madrid | Depósito folletos | 17/11/2009 | 2254-F-4 | 1181740 | 23/02/2023 | 23/02/2023 | Folleto |
